Monster stories : (Record no. 281)
[ view plain ]
| 000 -LEADER | |
|---|---|
| fixed length control field | 01048nam a22002777a 4500 |
| 001 - CONTROL NUMBER | |
| control field | 281 |
| 003 - CONTROL NUMBER IDENTIFIER | |
| control field | FISKH |
| 005 - DATE AND TIME OF LATEST TRANSACTION | |
| control field | 20240627115323.0 |
| 008 - FIXED-LENGTH DATA ELEMENTS--GENERAL INFORMATION | |
| fixed length control field | 230316b cb ||||| |||| 00| 0 eng d |
| 020 ## - INTERNATIONAL STANDARD BOOK NUMBER | |
| International Standard Book Number | 9781786178787 |
| 040 ## - CATALOGING SOURCE | |
| Original cataloging agency | FISKH |
| Language of cataloging | eng |
| Transcribing agency | FISKH |
| Modifying agency | FISKH |
| 050 ## - LIBRARY OF CONGRESS CALL NUMBER | |
| Classification number | PZ7 |
| 082 ## - DEWEY DECIMAL CLASSIFICATION NUMBER | |
| Classification number | 823.010837 |
| 100 ## - MAIN ENTRY--PERSONAL NAME | |
| Personal name | Gallagher, Belinda |
| 245 ## - TITLE STATEMENT | |
| Title | Monster stories : |
| Remainder of title | Classic stories to treasure/ |
| 250 ## - EDITION STATEMENT | |
| Edition statement | This edition printed 2019 |
| 260 ## - PUBLICATION, DISTRIBUTION, ETC. | |
| Place of publication, distribution, etc. | Thaxted : |
| Name of publisher, distributor, etc. | Miles Kelly, |
| Date of publication, distribution, etc. | 2017 |
| 300 ## - PHYSICAL DESCRIPTION | |
| Extent | 384 pages : |
| Dimensions | 23 cm. |
| 505 ## - FORMATTED CONTENTS NOTE | |
| Formatted contents note | R<br/> |
| 520 ## - SUMMARY, ETC. | |
| Summary, etc. | This fiercely entertaining collection is packed with tales of dragons, ogres, giants, sea serpents and other weird and wonderful monsters from children's literature. Stories are divided into sections including Scales and Tails and Weird and Wonderful Beasts so that children can decide what type of monster they would like to discover next. |
| 521 8# - TARGET AUDIENCE NOTE | |
| Target audience note | 780<br/><br/> |
| Source | Lexile adjusted <br/> |
| 521 8# - TARGET AUDIENCE NOTE | |
| Target audience note | R<br/> <br/> |
| Source | Raz-Plus |
| 650 ## - SUBJECT ADDED ENTRY--TOPICAL TERM | |
| Topical term or geographic name entry element | monsters |
| 650 ## - SUBJECT ADDED ENTRY--TOPICAL TERM | |
| Topical term or geographic name entry element | monster stories |
| 942 ## - ADDED ENTRY ELEMENTS (KOHA) | |
| Source of classification or shelving scheme | Dewey Decimal Classification |
| Koha item type | Books |
| Suppress in OPAC | No |
| Withdrawn status | Lost status | Source of classification or shelving scheme | Damaged status | Not for loan | Collection | Home library | Current library | Shelving location | Date acquired | Total Checkouts | Full call number | Barcode | Date last seen | Copy number | Price effective from | Koha item type | Date due | Date last checked out | Public note |
|---|---|---|---|---|---|---|---|---|---|---|---|---|---|---|---|---|---|---|---|
| Dewey Decimal Classification | Juvenile Fiction | Footprints International School Library Network Toul Kork Campus | Footprints International School Library Network Toul Kork Campus | 03/16/2023 | GAL 823.010837 PZ7 | 2023-0019 | 03/16/2023 | 1 | 03/16/2023 | Books | |||||||||
| Withdrawn | Dewey Decimal Classification | Juvenile Fiction | Footprints International School Library Network Toul Kork Campus | Footprints International School Library Network Toul Kork Campus | TK Primary Library Room(4th Floor), Bookcase 5&6, Shelves 33-56, Orange Books | 03/16/2023 | 1 | GAL 823.010837 PZ7 | 2023-0032 | 09/11/2024 | 2 | 03/16/2023 | Books | 09/25/2024 | 09/11/2024 | student drop of the school |
